[Event "RUS-chT Rapid Men 2018"]
[Site "Sochi"]
[Date "2018.10.08"]
[Round "3"]
[White "Alekseenko, Kirill"]
[Black "Artemiev, Vladislav"]
[Result "0-1"]
[WhiteElo "2639"]
[BlackElo "2706"]
[Annotator "TA"]
[PlyCount "92"]
[EventDate "2018.10.05"]
[EventType "swiss"]
[EventCountry "RUS"]
[SourceTitle "playchess.com"]
[Source "ChessBase"]
[SourceQuality "1"]

{[%evp 23,92,-9,-3,-49,-45,-56,-56,-51,-58,-50,-57,-47,-37,-40,0,0,-8,-11,-13,-25,-16,-54,-39,-35,-32,-42,-26,-27,-24,-28,-22,-27,-18,-39,-11,-19,-10,-14,-23,-14,0,0,0,-33,-33,-33,-33,-33,-22,-33,-33,-68,-33,-33,-33,-29969,-334,-334,-334,-634,-622,-727,-726,-719,-676,-714,-660,-659,-651,-29991,-29992]} 1. e4 c5 2. Nf3 d6 3. d4 cxd4 4. Nxd4 Nf6 5. Nc3 a6 6. h3 e6 {[%cal Be7e6,Be6e5][%mdl 32]} 7. g4 h6 8. Bg2 Be7 {B81: Sicilian Scheveningen: Keres Attack} 9. Be3 Nc6 10. Qe2 (10. f4 Bd7 11. Qe2 Nxd4 12. Bxd4 Bc6 13. O-O-O Qc7 14. Kb1 e5 15. Be3 {1-0 (45) Grischuk,A (2766)-Duda,J (2737) chess.com INT 2018}) 10... Nxd4 11. Bxd4 e5 12. Be3 b5 {[%cal Bb7b5,Bb5b4][%mdl 32] LiveBook: 18 Games} 13. O-O {[#]} b4 $146 ({Predecessor:} 13... O-O 14. Rfd1 Qc7 15. g5 hxg5 16. Bxg5 {0-1 (34) Malakhov,I (2454)-Geller,J (2519) Pardubice 2017}) 14. Na4 Bd7 $1 {[%cal Rd7a4]} 15. Nb6 Bb5 16. Nc4 Rc8 17. b3 Qc7 18. Rfc1 O-O {[%cal Rb5c4]} 19. c3 Bxc4 20. bxc4 bxc3 21. Rxc3 Nd7 22. c5 Qa5 23. Rac1 Nxc5 24. Bxc5 Rxc5 25. Rxc5 dxc5 26. Bf1 Rd8 27. Qxa6 Qd2 28. Qc4 h5 29. Rc2 Qh6 30. Qe2 hxg4 31. hxg4 Bg5 {Threatens to win with ...Bf4.} 32. Qf3 $1 Bf4 {[%csl Gf4][%cal Rh6h2]} 33. Be2 Qb6 34. Kg2 g6 35. Qb3 Qc6 36. Qc4 Kg7 $36 {[%mdl 2048] Black fights for an advantage.} 37. Bf3 Qf6 {Hoping for ...Qh4.} 38. Qxc5 Qh4 39. Kf1 $2 {[%mdl 8192] [#]} (39. Qc3 $15) 39... Rd3 $2 (39... Qh3+ {mates} 40. Ke2 {[#]} Rd1 $1 {[%mdl 512]} 41. Qxe5+ Bxe5 42. Kxd1 Qxf3+ 43. Kc1 Qxg4 44. a4 Qg1+ 45. Kd2 Qxf2+ 46. Kd1 Qe3 47. Re2 Qf3 48. Kd2 Bc7 49. Rh2 Bxh2 50. e5 Qb3 51. Ke2 Qc2+ 52. Kf3 Bxe5 53. Ke3 f5 54. Kf3 g5 55. Ke3 g4 56. a5 f4#) 40. Ke2 $19 Qd8 41. a4 $2 (41. Qc6) 41... Rd1 {[%csl Gd1][%cal Rd8d3]} 42. Qc4 Ra1 {[%csl Ga1][%cal Rd8d1]} 43. Qd5 Qb6 44. Qb5 Qd4 {[%csl Ga1][%cal Rd4d1]} 45. Qd5 {intending Qxd4.} Qb4 {( -> ...Qb1)} 46. Bg2 Re1+ {Precision: White = 49%, Black = 64%.} 0-1

[Event "RUS-chT Rapid Men 2018"]
[Site "Sochi"]
[Date "2018.10.08"]
[Round "3"]
[White "Rakhmanov, Aleksandr"]
[Black "Chekhov, Sergei"]
[Result "1-0"]
[WhiteElo "2634"]
[BlackElo "2463"]
[Annotator "TA"]
[PlyCount "103"]
[EventDate "2018.10.05"]
[EventType "swiss"]
[EventCountry "RUS"]
[SourceTitle "playchess.com"]
[Source "ChessBase"]
[SourceQuality "1"]

{[%evp 12,103,70,57,54,40,44,50,89,71,70,70,101,52,34,35,35,22,39,21,84,83,95,89,88,88,78,81,75,74,117,72,96,96,94,92,86,81,89,89,91,98,91,92,100,97,110,50,202,202,185,186,172,154,255,255,261,257,333,277,259,264,266,262,391,401,527,510,521,473,472,472,463,447,567,566,547,525,767,723,692,726,907,841,945,950,900,871,901,910,828,839,29998,29999]} 1. c4 Nf6 2. Nc3 c5 3. Nf3 e6 4. e4 d6 5. d4 cxd4 6. Nxd4 a6 7. Be3 Be7 {B41: Sicilian: Kan Variation: 5 c4} (7... b6 8. Be2 Bb7 9. f3 Nbd7 10. O-O Be7 11. Qd2 O-O 12. a4 Rb8 13. a5 bxa5 14. Ra2 Nc5 15. Na4 Ba8 16. Nxc5 dxc5 17. Nc2 a4 18. Bd1 Bc6 19. Na1 Rb4 20. Qc3 {1-0 (50) Durarbayli,V (2622)-Arnold,M (2524) chess.com INT 2018}) 8. g3 Qc7 9. Rc1 b6 {White is slightly better.} 10. Bg2 Bb7 11. O-O Nbd7 12. h3 O-O 13. b3 $146 ({Predecessor:} 13. Qe2 Rac8 14. b3 Qb8 {½-½ (86) Vyaznikov,S (2280)-Seryogin,P (2245) Tambov 2012}) 13... Rfe8 14. g4 {[%cal Bg3g4,Bg4g5][%mdl 32] [#] Strongly threatening g5.} Nc5 {[%cal Rf6e4]} 15. Qc2 g6 (15... h6 $11) 16. Nde2 $16 Rac8 17. Ng3 e5 18. g5 Nfd7 19. Nd5 Bxd5 20. cxd5 {[#] Hoping for b4.} Qd8 21. h4 {aiming for b4.} b5 22. b4 {Threatens to win with Bh3.} Na4 23. Qxc8 Qxc8 24. Rxc8 Rxc8 25. Bh3 $36 {[%mdl 2048] White is on the roll.} Rc7 26. Bxd7 Rxd7 27. Rc1 Nb2 28. Rc8+ Kg7 29. h5 (29. Ra8 $16) 29... h6 $2 (29... Rd8 $1 $14 30. Rc7 Kf8) 30. gxh6+ $18 Kh7 31. hxg6+ fxg6 32. Ra8 Nc4 (32... Bh4 $16) 33. Bc1 ({Resist} 33. Rxa6 $6 Nxe3 34. fxe3 Kxh6 $16) 33... Bd8 34. Rxa6 Bb6 35. a4 Rf7 36. Nh1 ({Don't play} 36. axb5 Bxf2+ 37. Kg2 Bb6 $18) 36... bxa4 37. Rxa4 g5 (37... Bd4 {is a better defense.} 38. b5 Nb6) 38. b5 Rc7 39. Bxg5 Rc8 40. Bc1 Na5 41. Be3 Bxe3 42. fxe3 {[%mdl 4096] Endgame KRN-KRN} ({Weaker is} 42. Rxa5 Bc5 $18) 42... Rc1+ 43. Kf2 Nc4 44. Ng3 Kxh6 45. Nf5+ Kg5 46. Ke2 Nb2 47. Ra6 Rc2+ 48. Kf3 Nd3 49. Nxd6 Ne1+ 50. Kg3 {Nf7+ would kill now.} Rg2+ 51. Kh3 {Intending Nf7+ and mate.} Rb2 52. Nf7+ {Precision: White = 69%, Black = 43%.} 1-0

[Event "RUS-chT Rapid Men 2018"]
[Site "Sochi"]
[Date "2018.10.08"]
[Round "3"]
[White "Lysyj, Igor"]
[Black "Morozevich, Alexander"]
[Result "0-1"]
[WhiteElo "2631"]
[BlackElo "2656"]
[Annotator "TA"]
[PlyCount "118"]
[EventDate "2018.10.05"]
[EventType "swiss"]
[EventCountry "RUS"]
[SourceTitle "playchess.com"]
[Source "ChessBase"]
[SourceQuality "1"]

{[%evp 16,118,24,36,72,68,72,62,72,60,75,78,71,20,20,37,53,59,60,62,60,66,71,67,68,58,50,0,22,7,4,0,0,0,0,0,29,0,47,57,51,0,356,371,374,22,34,-24,0,0,-6,-89,-89,-93,-94,-94,-94,-80,-80,-120,-106,-120,-110,-194,-208,-213,-206,-273,-247,-244,-181,-173,-120,-131,-131,-139,-100,-242,-243,-241,-221,-279,-283,-243,-219,-322,-192,-219,-220,-394,-377,-498,-194,-1343,-797,-4630,-4622,-2646,-2274,-29976,-29977,-29981,-29978,-29988,-29989]} 1. d4 Nf6 2. c4 c5 3. d5 g6 4. Nc3 Bg7 5. e4 O-O 6. Nf3 d6 7. Be2 e6 8. O-O Re8 9. h3 {LiveBook: 118 Partien. E91: Königsindisch (Klassisches System)} h6 $146 ({Vorgänger:} 9... exd5 10. exd5 Bf5 11. Bd3 Ne4 12. Nxe4 Bxe4 13. Bxe4 Rxe4 14. Qc2 Re8 15. Bf4 Qc7 16. Ng5 Nd7 17. Ne4 Ne5 18. Rae1 h6 {½-½ (44) Meier,G (2644)-Smirin,I (2644) Jerusalem 2017}) 10. Bd3 Na6 11. Re1 {Weiß steht besser.} Nc7 12. Bf4 exd5 13. cxd5 ({Ein No Go ist} 13. exd5 Rxe1+ 14. Qxe1 b5 $11) 13... b5 {[%cal Bb7b5,Bb5b4][%mdl 32]} 14. Qd2 (14. a3 $16) 14... b4 $11 15. Nd1 g5 16. Bh2 a6 17. Qc2 Nb5 18. Ne3 g4 19. hxg4 Nxg4 20. Bg3 Nd4 $1 {[%cal Rd4c2]} 21. Nxd4 Bxd4 22. Nxg4 Bxg4 23. Qd2 Qf6 24. Rab1 Rad8 25. Bf4 a5 26. Bxh6 Bxf2+ 27. Qxf2 Qxh6 28. Re3 $1 {[%cal Re3g3] Droht Tg3 und aus.} Bh5 $2 {[%mdl 8192]} (28... Re5 $1 $11 {und Schwarz steht sicher.} 29. Rf1 Qg7) 29. Rh3 $1 $18 Re5 30. Rf1 $2 (30. Be2 $18) 30... Qg7 $1 $11 31. Rg3 (31. Qh4 $14 Rg5 32. Rh2) 31... Bg6 32. Qf4 (32. b3 {is interesting.} Rh5 33. Qf4 Qd4+ 34. Rf2 Kh8 35. Be2) 32... c4 33. Bxc4 (33. Bb1 $11) 33... Rxe4 $17 34. Qxe4 Bxe4 35. Rxg7+ Kxg7 $11 {[%mdl 4096] Endspiel KTL-KTL} 36. Kf2 Re8 37. Re1 Re5 38. g4 Kf6 39. Rd1 {[#]} (39. a3 $17 {war nötig.}) 39... Kg5 $1 $19 40. Kg3 Bg6 41. Rd4 Re1 42. Kf3 Rc1 43. Bb3 f6 (43... Rf1+ $19 44. Ke3 Rb1) 44. Rd2 Rf1+ 45. Ke3 Rf4 46. Rh2 (46. Bc2 $17 Rxg4 47. Bxg6 Kxg6 48. Re2) 46... Rxg4 47. Rh8 Kf5 48. Ra8 {[#]} Ke5 $1 49. Rxa5 f5 50. Kf3 (50. Kf2 $142) 50... Rd4 (50... Bh5 $142 51. Kf2 Rf4+ 52. Ke1 Re4+ 53. Kf1 Rh4) 51. Ra7 Bh5+ 52. Kf2 $2 (52. Kg3) 52... Kf4 53. Rd7 Bf3 $2 (53... Rd2+ 54. Ke1 Re2+ 55. Kf1 Rxb2) 54. Rxd6 $2 (54. Ke1) 54... Rd2+ 55. Ke1 Ke3 56. Re6+ Be4 57. Rh6 f4 {[%cal Bf5f4,Bf4f3][%mdl 32] Schwarz setzt Matt.} 58. d6 f3 59. Rh3 Rxd6 {Precision: Weiß = 39%, Schwarz = 70%.} 0-1

[Event "RUS-chT Rapid Men 2018"]
[Site "Sochi"]
[Date "2018.10.08"]
[Round "3"]
[White "Paravyan, David"]
[Black "Grachev, Boris"]
[Result "0-1"]
[WhiteElo "2629"]
[BlackElo "2626"]
[Annotator "TA"]
[PlyCount "132"]
[EventDate "2018.10.05"]
[EventType "swiss"]
[EventCountry "RUS"]
[SourceTitle "playchess.com"]
[Source "ChessBase"]
[SourceQuality "1"]

{[%evp 9,132,0,26,26,30,27,34,31,24,30,35,32,51,37,34,-9,0,0,38,39,55,41,78,79,75,71,71,48,87,45,34,35,49,17,21,-28,-20,-29,-24,-31,-39,-73,-27,-33,-23,-12,11,0,0,0,0,0,0,0,0,-7,-7,-8,-6,-6,-6,-6,-7,-136,-142,-156,-144,-147,-58,-140,-156,-157,-109,-109,-109,-109,-109,-109,-83,-109,-101,-101,-101,-101,-101,-150,-150,-150,-150,-191,-191,-176,-157,-191,-191,-185,-157,-157,0,-150,0,-129,-76,-76,-76,-76,-76,-76,-76,-76,-19,-19,-19,-29991,-76,-91,0,-29991,-29991,-29991,-29992,-29992,-29993,-29993,-29994]} 1. e4 c5 2. Nf3 e6 3. d4 cxd4 4. Nxd4 Nc6 5. c3 Qc7 6. g3 {B44: Sicilian: Taimanov: 5 Nb5} a6 7. Bg2 Nf6 8. O-O {White is slightly better.} Be7 9. c4 d6 10. Nc3 (10. Nxc6 bxc6 11. Nc3 Bb7 12. Bf4 c5 13. Re1 O-O 14. e5 dxe5 15. Bxe5 {½-½ (37) Khanukov,B (2373)-Michalczak,T (2363) Leverkusen 2010}) 10... O-O 11. b3 Bd7 12. Be3 $146 {[%cal Bc1e3,Be3d4,Bd4c3][%mdl 32]} ({Predecessor:} 12. Bb2 Nxd4 13. Qxd4 Bc6 14. Rac1 Rad8 15. Nd5 Qd7 16. Nxe7+ Qxe7 17. Rfd1 Rd7 18. h3 Rfd8 19. Rc2 Ne8 20. Rcd2 Qg5 21. Kh2 {1-0 (52) Haselhorst,H (2066)-Thieme,H (1996) Berlin 2010}) 12... Nxd4 13. Bxd4 Bc6 14. Rc1 Qa5 15. Re1 Rac8 {[#]} 16. Nd5 $1 {[%mdl 512]} Bxd5 17. exd5 e5 18. Bc3 Qb6 19. Qd2 Nd7 20. Bh3 f5 21. Rcd1 Qd8 22. Qb2 g6 23. Re2 Bf6 24. f3 b5 25. cxb5 axb5 26. Qd2 Qb6+ 27. Kh1 Bg7 28. g4 {And now gxf5 would win.} Qd8 {Threatening ...Qh4.} 29. Qe1 {[#]} Rxc3 $1 {[%mdl 512]} 30. Qxc3 e4 31. Qe3 {Black must now prevent gxf5.} exf3 32. Rf2 Ne5 {Hoping for ...Qh4.} 33. gxf5 Qh4 $1 {[%cal Rh4h3]} 34. Rxf3 $1 Nxf3 35. Qxf3 Be5 $36 {[%mdl 2048] ...Rxf5! is the strong threat. Black is more active.} 36. Rf1 {[#]} (36. Qg4 $11 Qxg4 37. Bxg4) 36... Rxf5 $1 $17 {[%mdl 512]} 37. Qg2 (37. Bxf5 Qxh2#) 37... Rxf1+ 38. Qxf1 {[#]} Kg7 ({Black should try} 38... b4 $1 $17 39. Kg2 Qg5+ 40. Kh1 Qh4) 39. Qf3 (39. a3 $15) 39... b4 40. Qe3 Bd4 41. Qf3 Qg5 {[%csl Gd4][%cal Rg5g1]} 42. Bg2 Qc1+ 43. Bf1 Be5 44. Qh3 h5 45. Qf3 Qd2 {[%csl Ge5][%cal Rd2h2]} 46. Qg2 Qe3 47. Qe2 Qf4 48. Qg2 g5 {[%cal Bg6g5,Bg5g4][%mdl 32]} 49. Qe2 g4 50. Qg2 Kh6 51. Qe2 Kg5 52. Qg2 Kf6 53. Qe2 Kg7 54. Qg2 $1 Kh6 55. Qe2 h4 (55... Bd4 $142 56. Qe6+ Kg5) 56. h3 Qf3+ 57. Qg2 Kg5 58. hxg4 Qf4 59. Bc4 Qe3 ({Black should play} 59... Qxg4 $17 60. Be2 Qg3) 60. Bf1 $11 Bd4 {( -> ...h3!)} 61. Qh2 $2 {[%mdl 8192]} (61. Be2 $11) 61... Qf3+ $2 (61... Bc5 {mates} 62. a4 bxa3 63. b4 a2 64. bxc5 a1=Q 65. Qg1 Qf4 66. Bh3 Qxg1+ 67. Kxg1 Qg3+ 68. Kf1 Qxh3+ 69. Kf2 Qd3 70. Ke1 Kxg4 71. Kf2 Qd2+ 72. Kg1 Kg3 73. cxd6 Qg2#) 62. Qg2 $17 Qe3 $2 {[%mdl 8192]} (62... Qxg4 $17 63. Be2 Qxg2+ 64. Kxg2 Kf4) 63. Qh2 h3 {Black mates.} 64. Bxh3 Qe1+ 65. Kg2 Qe4+ 66. Kf1 Qf3+ {Precision: White = 49%, Black = 57%.} 0-1

[Event "RUS-chT Rapid Men 2018"]
[Site "Sochi"]
[Date "2018.10.08"]
[Round "3"]
[White "Kobalia, Mikhail"]
[Black "Yuffa, Daniil"]
[Result "1-0"]
[WhiteElo "2620"]
[BlackElo "2563"]
[Annotator "TA"]
[PlyCount "81"]
[EventDate "2018.10.05"]
[EventType "swiss"]
[EventCountry "RUS"]
[SourceTitle "playchess.com"]
[Source "ChessBase"]
[SourceQuality "1"]

{[%evp 25,81,21,26,28,48,59,70,67,74,38,154,135,146,155,142,128,136,144,146,137,178,178,179,182,181,156,161,163,177,185,194,190,200,196,202,204,194,195,215,205,228,214,223,228,212,206,254,258,602,602,602,602,591,591,931,910,6011,5838]} 1. e4 c6 2. d4 d5 3. exd5 cxd5 4. Bd3 Nc6 5. c3 Nf6 6. Bf4 Bg4 7. Qb3 Qc8 8. Nd2 e6 9. Ngf3 Be7 10. O-O O-O 11. Rae1 Bh5 12. Qc2 Bg6 13. Bxg6 hxg6 14. Qd3 {B13: Caro-Kann: Exchange Variation and Panov-Botvinnik Attack} Nh5 (14... a6 15. Ng5 Nh5 16. Qh3 e5 17. dxe5 Qf5 18. g3 d4 19. Ndf3 dxc3 20. bxc3 Qxh3 21. Nxh3 Nxf4 22. Nxf4 {½-½ (77) Inarkiev,E (2686)-Esipenko,A (2587) Sochi 2018}) 15. Bg5 b5 $146 ({Predecessor:} 15... Qd8 16. Qe3 Bxg5 17. Nxg5 Qf6 18. f4 Qe7 19. g4 Nf6 20. Qh3 Rfc8 21. Rf3 Qd6 22. Qh8+ Kxh8 23. Nxf7+ Kg8 24. Nxd6 Rc7 25. Rxe6 Rf8 26. h3 {0-1 (26) Weeramantry,S (2255)-Tamarkin,L New York 1991}) 16. Bxe7 {White is slightly better.} Nxe7 17. Ng5 Nc6 (17... Nf6 $14) 18. Qh3 $16 e5 19. dxe5 f6 20. Qe6+ Qxe6 21. Nxe6 Rf7 22. Nf3 Re8 23. exf6 gxf6 24. Ned4 $36 {[%mdl 2048] White has strong initiative.} Ne5 25. Re3 ({Much less strong is} 25. Nxb5 $6 Nxf3+ 26. gxf3 Rxe1 $14) 25... Nxf3+ 26. Rxf3 a6 27. g3 f5 28. Ra1 Re4 29. b4 Rfe7 {[#]} 30. Kf1 $1 Nf6 31. Rd3 Ng4 32. f3 Re3 33. Rxe3 Nxe3+ $18 {[%mdl 4096] Endgame KRN-KRN} 34. Kf2 {Re1 is the strong threat.} Nc4 35. a4 bxa4 36. Rxa4 Re3 $2 {[#]} (36... Ra7 37. Nc6 Ra8) 37. b5 {[%cal Bb4b5,Bb5a6,Ba6a7][%mdl 32] White is clearly winning.} Rxc3 38. bxa6 Nb6 39. a7 Rc8 40. Rb4 Nd7 41. Rb7 {Precision: White = 82%, Black = 45%.} 1-0

[Event "RUS-chT Rapid Men 2018"]
[Site "Sochi"]
[Date "2018.10.08"]
[Round "3"]
[White "Romanov, Evgeny"]
[Black "Timofeev, Artyom"]
[Result "1/2-1/2"]
[WhiteElo "2614"]
[BlackElo "2580"]
[Annotator "TA"]
[PlyCount "70"]
[EventDate "2018.10.05"]
[EventType "swiss"]
[EventCountry "RUS"]
[SourceTitle "playchess.com"]
[Source "ChessBase"]
[SourceQuality "1"]

{[%evp 25,70,-50,-45,-52,-43,-60,-15,-30,-35,-50,0,0,0,0,0,0,12,15,22,18,30,25,57,-112,-111,-114,-114,-94,-108,-102,-105,-136,-139,-145,0,0,0,0,0,-114,0,0,0,-100,0,0,0]} 1. d4 d5 2. Nf3 Nf6 3. c4 dxc4 4. e3 e6 5. Bxc4 c5 6. O-O a6 7. a4 Nc6 8. Nc3 Be7 9. Qe2 cxd4 10. Nxd4 Bd7 11. Rd1 Qc7 12. Nxc6 Bxc6 13. e4 O-O 14. e5 {D27: Queen's Gambit Accepted: Classical main line: 7 e4!? and 7 a4} Nd7 15. Bf4 Nb6 16. Bd3 $146 ({Predecessor:} 16. Bb3 Rad8 17. Rdc1 Qd7 18. a5 Na8 19. Bc2 Qd4 20. Be4 Rc8 21. Rd1 Qb4 22. Bxc6 Rxc6 {1-0 (33) Bellon Lopez,J (2442)-Medina Menendez,E (2049) Campillos 2007}) 16... Rfd8 17. Ne4 Nd5 18. Bg3 Qb6 19. Nd6 g6 20. Be4 Qb4 21. Rdc1 Rd7 22. Rc4 Qb6 23. b4 f5 24. exf6 $2 (24. Bf3 $14 {stays ahead.}) 24... Bxd6 $17 25. Bxg6 hxg6 26. Qxe6+ Rf7 27. Rg4 Bxg3 ({Not} 27... Bxb4 $2 28. Rxg6+ Kf8 29. Bd6+ Bxd6 30. Qxd6+ Re7 31. fxe7+ Nxe7 32. Re1 $18) 28. Rxg6+ {[%cal Bg4g6,Bg6h6,Bh6h8][%mdl 32]} Kf8 29. hxg3 {[#] Qd6+ would kill now.} Qd8 (29... Qxb4 $17 {Hoping for ...Re8.} 30. Rh6 {[#]} Nxf6 $1 {[%mdl 512]} 31. Rxf6 Qe7 32. Rxf7+ Qxf7 33. Qh6+ Kg8) 30. Rh6 {[%cal Rh6h8]} Nxf6 (30... Rxf6 $5 31. Rh8+ $8 Kg7 32. Rxd8 Rxe6 33. Rxa8 Nb6 $11) 31. Rh8+ Ng8 32. Qg6 (32. Qh6+ $1 $11 Rg7 33. Qf4+ Rf7 34. Qh6+ Rg7 35. Qf4+ Rf7 36. Qh6+) 32... Rg7 33. Qf5+ Rf7 34. Qg6 Rg7 (34... Qd2 $17 35. Rxg8+ Ke7 36. Qg5+ Qxg5 37. Rxg5 Kf6) 35. Qf5+ $11 Rf7 {Precision: White = 41%, Black = 48%.} 1/2-1/2

[Event "RUS-chT Rapid Men 2018"]
[Site "Sochi"]
[Date "2018.10.08"]
[Round "3"]
[White "Chigaev, Maksim"]
[Black "Alexeev, Alexey"]
[Result "1/2-1/2"]
[WhiteElo "2599"]
[BlackElo "2287"]
[Annotator "ChessBase"]
[PlyCount "211"]
[EventDate "2018.10.05"]
[EventType "swiss"]
[EventCountry "RUS"]
[SourceTitle "playchess.com"]
[Source "ChessBase"]
[SourceQuality "1"]
[TimeControl "900+10"]

1. e4 {[%emt 0:00:00]} e5 {[%emt 0:00:00]} 2. Nf3 {[%emt 0:00:00]} Nc6 {[%emt 0:00:00]} 3. Bc4 {[%emt 0:00:00]} Bc5 {[%emt 0:00:00]} 4. O-O {[%emt 0:00:00]} Nf6 {[%emt 0:00:02]} 5. d3 {[%emt 0:00:00]} d6 {[%emt 0:00:08]} 6. a4 {[%emt 0:00:02]} a5 {[%emt 0:00:10]} 7. c3 {[%emt 0:00:09]} O-O {[%emt 0:00:22]} 8. Bg5 {[%emt 0:00:28]} h6 {[%emt 0:00:11]} 9. Bh4 {[%emt 0:00:01]} Be6 {[%emt 0:00:16]} 10. Nbd2 {[%emt 0:00:13]} Qe7 {[%emt 0:01:29]} 11. Bd5 {[%emt 0:03:20]} g5 {[%emt 0:01:17]} 12. Nxg5 {[%emt 0:00:15]} hxg5 {[%emt 0:02:55]} 13. Bxg5 {[%emt 0:00:02]} Kg7 {[%emt 0:00:05]} 14. Qf3 {[%emt 0:00:18]} Rh8 {[%emt 0:00:07]} 15. Nc4 {[%emt 0:03:29]} Nb8 {[%emt 0:01:53]} 16. d4 {[%emt 0:03:18]} exd4 {[%emt 0:01:00]} 17. cxd4 {[%emt 0:00:09]} Bxd4 {[%emt 0:01:10]} 18. Rad1 {[%emt 0:00:02]} c5 {[%emt 0:00:21]} 19. Qg3 {[%emt 0:01:55]} Kf8 {[%emt 0:01:18]} 20. Nxd6 {[%emt 0:01:56]} Nbd7 {[%emt 0:00:42]} 21. Bxb7 {[%emt 0:00:36]} Rd8 {[%emt 0:04:31]} 22. Rxd4 {[%emt 0:00:17]} cxd4 {[%emt 0:00:01]} 23. e5 {[%emt 0:00:01]} Nxe5 {[%emt 0:00:27]} 24. Qxe5 {[%emt 0:00:02]} Qxd6 {[%emt 0:00:07]} 25. Bxf6 {[%emt 0:00:06]} Qxe5 {[%emt 0:00:08]} 26. Bxe5 {[%emt 0:00:01]} Rh5 {[%emt 0:00:08]} 27. f4 {[%emt 0:00:02]} d3 {[%emt 0:00:05]} 28. Bf3 {[%emt 0:00:31]} Rh6 {[%emt 0:00:30]} 29. Bc3 {[%emt 0:00:30]} Bb3 {[%emt 0:00:07]} 30. Bxa5 {[%emt 0:00:06]} Rd4 {[%emt 0:00:09]} 31. Bc3 {[%emt 0:01:26]} Rxa4 {[%emt 0:00:02]} 32. h3 {[%emt 0:00:07]} Rxf4 {[%emt 0:00:10]} 33. Bd2 {[%emt 0:00:02]} Rhf6 {[%emt 0:00:01]} 34. Bxf4 {[%emt 0:00:04]} Rxf4 {[%emt 0:00:03]} 35. Rf2 {[%emt 0:00:02]} Rb4 {[%emt 0:00:25]} 36. Rd2 {[%emt 0:00:06]} Bc2 {[%emt 0:00:06]} 37. Kf2 {[%emt 0:00:08]} Rxb2 {[%emt 0:00:11]} 38. Be4 {[%emt 0:00:15]} Rb6 {[%emt 0:00:23]} 39. Bxd3 {[%emt 0:00:05]} Rf6+ {[%emt 0:00:02]} 40. Ke3 {[%emt 0:00:14]} Bb3 {[%emt 0:00:03]} 41. Be4 {[%emt 0:00:04]} Rf1 {[%emt 0:00:09]} 42. Bf3 {[%emt 0:00:06]} Be6 {[%emt 0:00:05]} 43. Kf4 {[%emt 0:00:05]} Ra1 {[%emt 0:00:04]} 44. Rd4 {[%emt 0:00:09]} Rc1 {[%emt 0:00:05]} 45. Kg3 {[%emt 0:00:25]} Rc4 {[%emt 0:00:04]} 46. Rd8+ {[%emt 0:00:04]} Kg7 {[%emt 0:00:01]} 47. Rd2 {[%emt 0:00:23]} Rb4 {[%emt 0:00:01]} 48. Kf2 {[%emt 0:00:07]} Ra4 {[%emt 0:00:05]} 49. Rd3 {[%emt 0:00:03]} Rb4 {[%emt 0:00:01]} 50. Rd1 {[%emt 0:00:24]} Ra4 {[%emt 0:00:02]} 51. Kg3 {[%emt 0:00:05]} Rb4 {[%emt 0:00:01]} 52. h4 {[%emt 0:00:10]} Ra4 {[%emt 0:00:07]} 53. Rc1 {[%emt 0:00:08]} Rc4 {[%emt 0:00:04]} 54. Re1 {[%emt 0:00:03]} Rb4 {[%emt 0:00:10]} 55. Re5 {[%emt 0:00:06]} Rd4 {[%emt 0:00:09]} 56. Rg5+ {[%emt 0:00:01]} Kh6 {[%emt 0:00:23]} 57. Re5 {[%emt 0:00:13]} Kg7 {[%emt 0:00:08]} 58. Re3 {[%emt 0:01:00]} Rb4 {[%emt 0:00:06]} 59. Re5 {[%emt 0:00:07]} Rd4 {[%emt 0:00:03]} 60. Ra5 {[%emt 0:00:09]} Rb4 {[%emt 0:00:10]} 61. Ra1 {[%emt 0:00:16]} Rd4 {[%emt 0:00:16]} 62. Ra5 {[%emt 0:00:11]} Rb4 {[%emt 0:00:05]} 63. Rg5+ {[%emt 0:00:19]} Kh6 {[%emt 0:00:03]} 64. Re5 {[%emt 0:00:02]} Kg7 {[%emt 0:00:01]} 65. Be4 {[%emt 0:00:23]} Kf6 {[%emt 0:00:29]} 66. Kf4 {[%emt 0:00:01]} Bc8 {[%emt 0:00:12]} 67. h5 {[%emt 0:00:31]} Kg7 {[%emt 0:01:18]} 68. Re7 {[%emt 0:00:12]} Kf6 {[%emt 0:00:39]} 69. Rc7 {[%emt 0:00:10]} Be6 {[%emt 0:00:05]} 70. Rc5 {[%emt 0:00:09]} Kg7 {[%emt 0:00:05]} 71. Re5 {[%emt 0:00:04]} Bc8 {[%emt 0:00:17]} 72. g4 {[%emt 0:00:17]} Bb7 {[%emt 0:00:12]} 73. g5 {[%emt 0:00:00]} Bxe4 {[%emt 0:00:04]} 74. Rxe4 {[%emt 0:00:01]} Rb1 {[%emt 0:00:03]} 75. Kf5 {[%emt 0:00:07]} Rf1+ {[%emt 0:00:06]} 76. Rf4 {[%emt 0:00:02]} Ra1 {[%emt 0:00:01]} 77. Rf3 {[%emt 0:00:25]} Ra5+ {[%emt 0:00:02]} 78. Kg4 {[%emt 0:00:01]} Ra6 {[%emt 0:00:09]} 79. Re3 {[%emt 0:00:13]} Rb6 {[%emt 0:00:01]} 80. Kf5 {[%emt 0:00:05]} Ra6 {[%emt 0:00:37]} 81. Re5 {[%emt 0:00:35]} Rb6 {[%emt 0:00:28]} 82. h6+ {[%emt 0:00:08]} Kh7 {[%emt 0:00:02]} 83. Re7 {[%emt 0:00:02]} Kg8 {[%emt 0:00:03]} 84. Re8+ {[%emt 0:00:00]} Kh7 {[%emt 0:00:04]} 85. Rf8 {[%emt 0:00:01]} Rb5+ {[%emt 0:00:26]} 86. Kf6 {[%emt 0:00:02]} Rb6+ {[%emt 0:00:17]} 87. Kxf7 {[%emt 0:00:03]} Rb7+ {[%emt 0:00:01]} 88. Kf6 {[%emt 0:00:03]} Rb6+ {[%emt 0:00:02]} 89. Kf5 {[%emt 0:00:04]} Rb5+ {[%emt 0:00:19]} 90. Kf6 {[%emt 0:00:12]} Rb6+ {[%emt 0:00:01]} 91. Ke7 {[%emt 0:00:22]} Rb7+ {[%emt 0:00:09]} 92. Kd6 {[%emt 0:00:02]} Rb6+ {[%emt 0:00:05]} 93. Kc5 {[%emt 0:00:17]} Ra6 {[%emt 0:00:10]} 94. Rf7+ {[%emt 0:00:40]} Kg8 {[%emt 0:00:02]} 95. Rg7+ {[%emt 0:00:28]} Kh8 {[%emt 0:00:01]} 96. Rb7 {[%emt 0:00:07]} Rg6 {[%emt 0:00:06]} 97. Rb8+ {[%emt 0:00:07]} Kh7 {[%emt 0:00:03]} 98. Rb7+ {[%emt 0:00:01]} Kh8 {[%emt 0:00:01]} 99. Kd5 {[%emt 0:00:18]} Rxg5+ {[%emt 0:00:03]} 100. Ke6 {[%emt 0:00:00]} Rg8 {[%emt 0:00:10]} 101. Kf6 {[%emt 0:00:02]} Rc8 {[%emt 0:00:05]} 102. Re7 {[%emt 0:00:03]} Rb8 {[%emt 0:00:15]} 103. Kg6 {[%emt 0:00:06]} Ra8 {[%emt 0:00:09]} 104. Re6 {[%emt 0:00:11]} Rb8 {[%emt 0:00:08]} 105. h7 {[%emt 0:00:06]} Rb6 {[%emt 0:00:20]} 106. Rxb6 {[%emt 0:00:03]} 1/2-1/2